| 000 | 00527nam a2200229Ia 4500 | ||
|---|---|---|---|
| 008 | 210210b2017 xxu||||| |||| 00| 0 eng d | ||
| 041 | _aeng | ||
| 082 | _a332.4K DIVN | ||
| 100 | _aDIVAKARA (Na) | ||
| 245 | _aNotu raddhati mattu nava udaravavadi arthika niti | ||
| 260 |
_aGadaga _bLadayi Prakashana _c2017 |
||
| 300 | _a80 | ||
| 650 | _audaravavadi | ||
| 650 | _araddhati | ||
| 650 | _aNotu | ||
| 650 | _aniti | ||
| 650 | _anava | ||
| 650 | _amattu | ||
| 650 | _aarthika | ||
| 690 | _aMoney | ||
| 906 | _a072239 | ||
| 999 |
_c122085 _d122085 |
||